| 000 | 00494nam a22001817a 4500 | ||
|---|---|---|---|
| 003 | NUST - PNEC | ||
| 005 | 20170116180748.0 | ||
| 008 | 150226b xxu||||| |||| 00| 0 eng d | ||
| 020 | _a8187644710 | ||
| 040 | _cLIBRARY | ||
| 082 | _a327.1695 GUP | ||
| 100 |
_91495 _aArchana Gupta |
||
| 245 |
_aIndia & Pakistan The Conflict Peace Syndrome _cGupta Archana |
||
| 260 |
_aNew Delhi _bRajat Sood _cc2005. |
||
| 300 | _a321 p. : | ||
| 650 |
_91496 _aPakistan History _xGeneral |
||
| 942 |
_2ddc _cBK |
||
| 999 |
_c62433 _d62433 |
||